000 00245 a2200097 4500
001 10980
100 _aPetemann, B.
245 _aThe Gestalttheoryu and the Problem of configurnate
260 _a
_bRoutledge & Kegan Paul
_c
090 _c8548
_d8548
942 _aNUST-CAE
_cM
_c35320
999 _c246053
_d246053